Country Facts Quiz #1 - Statistics

General Stats
  • This quiz has been taken 15 times
  • The average score is 16 of 25
Answer Stats
Hint Country % Correct
9) What state was a purchase from Russiaonce referred to as Sewards folly? Alaska
93%
16) What country sits in the Pyrenees betweenSpain and France? Andorra
93%
5) Which country was once called Zaire? Democratic Republic of the Congo
93%
6) What special region of China wasonce Portuguese territory? Macau
93%
13) In what city would you find Christthe Redeemer? Rio De Janeiro
93%
15) What city was the capital of WestGermany until 1990? Bonn
87%
22) The remote Easter Island belongs towhich country? Chile
87%
1) What country is commonly knownas the billionaires playground? Monaco
87%
19) What country administers a majority ofthe Western Sahara territory? Morocco
87%
3) Where would you find O'Hare international airport? Chicago
80%
23) In what city would you find the islandof Alcatraz prison? San Francisco
80%
18) What is the largest of the Great Lakes? Superior
80%
11) What is the remote northern area of Finland called? Lapland
73%
17) What river, including tributaries, is technically the longest in the US? Missouri
73%
25) What remote, swampy park covers a large portion of southern Florida? Everglades
67%
24) What metal did the city of Pittsburgh becomesynonymous with? Steel
67%
20) In what country would you find the islandof Guadalcanal? Solomon Islands
53%
14) What volcano can be seen fromthe Seattle skyline? Rainier
40%
10) In what city did Francis Scott Keywrite the Star Spangled Banner? Baltimore
33%
4) In what Canadian territory would you find the hamlet of Rankin Inlet? Nunavut
33%
8) In what Mexican state is Guadalajara in? Jalisco
20%
12) What state is called the Landof Enchantment? New Mexico
20%
7) What city in CA translates to "ash tree"in Spanish? Fresno
7%
21) What country uses the Ouguiya as theircurrrency? Mauritania
7%
2) What country uses the Dobra as currency? Sao Tome and Principe
7%
No matching quizzes found
Score Distribution
Percent of People with Each Score
Percentile by Number Answered
Your Score History
You have not taken this quiz